Quiz Histoire de la NBA - Statistiques

Statistiques générales
  • Ce quiz a été pris 89 fois
  • Le résultat moyen est 10 sur 15
Statistiques - réponses
Question Réponse % Correct
En combien de match (au maximum) se joue une série de play-offs ? 7
93%
Combien de match se jouent durant la saison régulière ? 82
92%
Quelle équipe détient le meilleur bilan de victoire sur une saison ? Golden State Warriors
89%
Combien de franchises sont inclues en NBA ? 30
84%
Quel est le premier joueur européen à avoir remporté le titre de MVP (saison régulière) ? Dirk Nowitzki
84%
Avec quelle autre ligue la NBA a-t-elle fusionnée pour donner la NBA telle qu'on la connait aujourd'hui ? ABA (American Basketball Association)
83%
Quelle est la franchise la plus titrée de tous les temps ? Boston Celtics
79%
Qui détient le record du nombre de panier à 3 points marqués en un match ? Klay Thompson
79%
Quelle équipe a remporté le titre lors de la saison 2018 - 2019 ? Toronto Raptors
75%
Quelle franchise n'a jamais remporté de titre NBA ? Phoenix Suns
71%
Quel est le record de plus grand nombre de points inscrits lors d'un match (score des deux équipes confondus) ? 370
50%
Quel est le record du plus petit nombre de points inscrit par une équipe dans un match ? 49
32%
Quel joueur a remporté le titre de DPOY (Defensive Player of the Year) durant 3 saisons consécutives ? Dwight Howard
17%
Quel est le seul joueur a avoir été nommé dans la ALL-NBA First Team unanimement lors de 4 saisons consécutives ? Giannis Antetokounmpo
13%
Quel est le seul joueur qui fût meilleur marqueur et meilleur passeur de la ligue lors d'une même saison ? Nate Archibald
9%
Aucun quiz correspondant
Distribution des résultats
% des personnes avec chaque résultat
Percentile par nombre de réponses
Votre historique - résultats
Vous n’avez pas pris ce quiz